[Event "Xtracon Chess Open 2017"]
[Site "Helsingor DEN"]
[Date "2017.07.24"]
[Round "4.62"]
[White "Schmidt, Kristen"]
[Black "French, Max"]
[Result "1-0"]
[WhiteElo "2201"]
[BlackElo "2001"]
[WhiteFideId "1400436"]
[BlackFideId "426652"]
[EventDate "2017.07.22"]

1. e4 c6 2. Nc3 d5 3. Nf3 Bg4 4. h3 Bxf3 5. Qxf3 e6 6. d3 Nf6 7. Bd2 Nbd7 8. g4
Qb6 9. g5 Ng8 10. O-O-O Bb4 11. h4 d4 12. Nb1 a5 13. h5 Ne7 14. c3 Bc5 15. cxd4
Bxd4 16. Bc3 Qc5 17. Rd2 Bxc3 18. Nxc3 Qxg5 19. d4 Nf6 20. e5 Nfd5 21. Ne4 Qh6
22. Nd6+ Kd7 23. Qb3 Rhf8 24. Qxb7+ Nc7 25. Qb3 Rab8 26. Qa3 Rb4 27. Nc4 Ned5
28. Kd1 Ra8 29. Rh3 Nf4 30. Rh4 g5 31. Rh1 Qf8 32. h6 Ncd5 33. Qg3 Qe7 34. Rg1
Rg8 35. a3 Rbb8 36. Nxa5 g4 37. Rc2 Nh5 38. Qd3 Rb6 39. Qxh7 Rg6 40. Bd3 Rg5 41.
Qe4 Nhf4 42. h7 Qd8 43. Nxc6 Qa8 44. Nb4 Nh3 45. h8=Q Qxh8 46. Nxd5 Rb8 47. Nf6+
Ke7 48. Rxg4 Rxg4 49. Qxg4 Rc8 50. Rxc8 Nxf2+ 51. Ke2 1-0

[Event "Xtracon Chess Open 2017"]
[Site "Helsingor DEN"]
[Date "2017.07.24"]
[Round "4.63"]
[White "Schmied, Andreas"]
[Black "Bach, Matthias"]
[Result "0-1"]
[BlackTitle "FM"]
[WhiteElo "2010"]
[BlackElo "2200"]
[WhiteFideId "4625897"]
[BlackFideId "4603168"]
[EventDate "2017.07.22"]

1. d4 Nf6 2. Nf3 e6 3. g3 c5 4. Bg2 Nc6 5. O-O d5 6. c4 Be7 7. cxd5 exd5 8. Be3
c4 9. b3 cxb3 10. Qxb3 Na5 11. Qd3 O-O 12. Ne5 g6 13. Bd2 Bf5 14. Qb5 Nc6 15.
Nxc6 bxc6 16. Qxc6 Rc8 17. Qa6 Qd7 18. Nc3 Rc6 19. Qa5 Bd8 20. Qa3 Bb6 21. e3 h5
22. h4 Rb8 23. Rfc1 Bd8 24. Nd1 Be7 25. Qa5 Bd8 26. Qa3 Be7 27. Qa5 Rcb6 28. Be1
Bd3 29. Qd2 Bc4 30. Qc2 Qb7 31. Qxc4 dxc4 32. Bxb7 R6xb7 33. Rxc4 Kg7 34. a4 Ne4
35. Kf1 Rb3 36. Rc7 Bd6 37. Rc6 Rb1 38. Rxb1 Rxb1 39. Ke2 Ra1 40. f3 Nxg3+ 41.
Bxg3 Bxg3 42. d5 Rxa4 43. Nc3 Rb4 44. d6 Rb6 45. d7 Bxh4 46. Rc7 a6 47. Ne4 Be7
48. Rc8 f5 49. Nc5 Rd6 50. d8=Q Bxd8 51. Rxd8 Rxd8 52. Ne6+ Kf6 53. Nxd8 a5 54.
Nc6 a4 55. Kf2 a3 56. Nb4 g5 57. Kg2 Ke5 58. Kg3 Kd6 59. Kh3 Kc5 60. Na2 Kc4 0-1

[Event "Xtracon Chess Open 2017"]
[Site "Helsingor DEN"]
[Date "2017.07.24"]
[Round "4.64"]
[White "Quinones-Maletti, Julio Guillerm"]
[Black "Frisk, Hans"]
[Result "0-1"]
[WhiteElo "2200"]
[BlackElo "1997"]
[WhiteFideId "1462318"]
[BlackFideId "1708570"]
[EventDate "2017.07.22"]

1. e4 e5 2. Nf3 Nf6 3. Nxe5 Nxe4 4. Qe2 Qe7 5. Qxe4 d6 6. d4 dxe5 7. dxe5 Nc6 8.
Bf4 g5 9. Bb5 Bd7 10. e6 Bxe6 11. O-O O-O-O 12. Bxc6 bxc6 13. Be3 Bd5 14. Qf5+
Qe6 15. Qxe6+ fxe6 16. Nd2 Bb4 17. c3 Ba5 18. f3 g4 19. fxg4 Bb6 20. Bxb6 cxb6
21. Rf2 c5 22. Nf3 Rhf8 23. h4 Rf4 24. Ne5 Re4 25. Nf7 Rd7 26. Nh6 Rg7 27. g3
Re3 28. Kh2 b5 29. Raf1 Kc7 30. Rf7+ Rxf7 31. Rxf7+ Kb6 32. Rxh7 Re1 0-1

[Event "Xtracon Chess Open 2017"]
[Site "Helsingor DEN"]
[Date "2017.07.24"]
[Round "4.65"]
[White "Schroeder, Christoph"]
[Black "Henningsen, Lasse"]
[Result "1-0"]
[WhiteElo "2196"]
[BlackElo "1988"]
[WhiteFideId "4605250"]
[BlackFideId "1425315"]
[EventDate "2017.07.22"]

1. e4 e5 2. f4 d5 3. exd5 exf4 4. Nf3 Nf6 5. Bb5+ Bd7 6. Bxd7+ Qxd7 7. O-O Be7
8. c4 O-O 9. d4 c6 10. Ne5 Qd8 11. dxc6 Nxc6 12. Nxc6 bxc6 13. Bxf4 Ne4 14. Nc3
Nxc3 15. bxc3 Bd6 16. Qa4 Qc7 17. Bxd6 Qxd6 18. c5 Qd5 19. Qb3 Qg5 20. Rae1 Rab8
21. Qa4 Qd5 22. Re5 Qd7 23. Rfe1 Rfe8 24. Qc2 Re6 25. Rxe6 fxe6 26. Qe4 Re8 27.
Qe5 h6 28. h3 Kf7 29. a4 Kg8 30. c4 Rd8 31. Re4 Kf7 32. a5 a6 33. Kf2 Kg8 34.
Qxe6+ Qxe6 35. Rxe6 Rxd4 36. Rxc6 Rxc4 37. Ke3 Rc2 38. Kd4 Rxg2 39. Rxa6 Kf7 40.
Kd5 Ke7 41. Ra7+ Kd8 42. Kc6 g5 43. a6 h5 44. Ra8+ Ke7 45. a7 1-0

[Event "Xtracon Chess Open 2017"]
[Site "Helsingor DEN"]
[Date "2017.07.24"]
[Round "4.66"]
[White "Quinn, David"]
[Black "Andersen, Morten"]
[Result "0-1"]
[WhiteElo "2001"]
[BlackElo "2193"]
[WhiteFideId "2401452"]
[BlackFideId "1504908"]
[EventDate "2017.07.22"]

1. d4 Nf6 2. c4 c5 3. d5 b5 4. Nd2 bxc4 5. e4 c3 6. bxc3 g6 7. Ngf3 Bg7 8. Qc2
O-O 9. Bb2 d6 10. c4 e5 11. dxe6 Bxe6 12. Be2 Nc6 13. O-O Rb8 14. Bc3 Nb4 15.
Qc1 Re8 16. a3 Nc6 17. Re1 Bg4 18. Qc2 Qc8 19. Bf1 Qc7 20. h3 Bd7 21. Rad1 Nh5
22. Bxg7 Nxg7 23. Qc3 Ne5 24. Nxe5 dxe5 25. Nf3 f6 26. Nh2 Rf8 27. Be2 Bc6 28.
Bf3 Ne6 29. Ng4 Nd4 30. Rb1 Rxb1 31. Rxb1 Bxe4 32. Rb2 Bxf3 33. gxf3 f5 34. Nh2
e4 35. Qe3 Rb8 36. Rxb8+ Qxb8 37. fxe4 Qb1+ 38. Kg2 Qxe4+ 39. Qxe4 fxe4 40. Nf1
Kf7 41. Nd2 Nc2 42. a4 e3 43. fxe3 Nxe3+ 44. Kf3 Nf5 45. Kf4 Ke6 46. Ne4 Nd6 47.
Nxc5+ Ke7 48. h4 h6 49. Ke5 Nxc4+ 50. Kd5 Nd6 51. Ne6 Nf5 52. h5 gxh5 53. Ke5
Ng3 54. Nf4 Kd7 55. Kd5 h4 56. a5 Kc7 57. Kc5 Ne4+ 58. Kd4 Ng5 59. Ke3 Kc6 0-1

[Event "Xtracon Chess Open 2017"]
[Site "Helsingor DEN"]
[Date "2017.07.24"]
[Round "4.67"]
[White "Marthedal, Anton Mehmet Yildiz"]
[Black "Moe, Mogens"]
[Result "0-1"]
[BlackTitle "FM"]
[WhiteElo "1993"]
[BlackElo "2188"]
[WhiteFideId "1441540"]
[BlackFideId "1400550"]
[EventDate "2017.07.22"]

1. d4 Nf6 2. Nf3 g6 3. Bf4 Bg7 4. e3 c5 5. c3 Qb6 6. Qb3 d6 7. dxc5 Qxc5 8. Bc4
O-O 9. Nbd2 Nc6 10. Ng5 d5 11. Qb5 Qxb5 12. Bxb5 Nh5 13. Bc7 Bd7 14. h3 Rac8 15.
Bh2 a6 16. Be2 Bf6 17. Ngf3 Ng7 18. Nb3 e5 19. Nc5 Be6 20. Nxb7 Rb8 21. Bxa6 Bc8
22. Nc5 Bxa6 23. Nxa6 Rxb2 24. O-O Ne6 25. Rfb1 Rc2 26. Nb4 Nxb4 27. cxb4 e4 28.
Be5 Bxe5 29. Nxe5 f6 30. Nd7 Rf7 31. Nb6 d4 32. a4 d3 33. a5 d2 34. Kf1 Rfc7 35.
Rd1 Rc1 36. Ke2 Rxa1 37. Nd5 Rcc1 0-1

[Event "Xtracon Chess Open 2017"]
[Site "Helsingor DEN"]
[Date "2017.07.24"]
[Round "4.69"]
[White "Petersen, Peter Birk"]
[Black "Philipsen, William Horup"]
[Result "1-0"]
[WhiteElo "2179"]
[BlackElo "1977"]
[WhiteFideId "1401696"]
[BlackFideId "1408470"]
[EventDate "2017.07.22"]

1. e4 e5 2. Bc4 f5 3. d3 c6 4. Nc3 Nf6 5. Bg5 Bb4 6. Ne2 d5 7. exd5 cxd5 8. Bb5+
Nc6 9. d4 e4 10. O-O O-O 11. Ba4 h6 12. Bxf6 Qxf6 13. Nxd5 Qg5 14. Bxc6 bxc6 15.
Nxb4 f4 16. Ng3 f3 17. Re1 Rf4 18. Qd2 Bf5 19. Nxc6 Re8 20. Ne5 Rxe5 21. dxe5
Qh4 22. Rad1 Kh7 23. Qd8 Qg4 24. h3 Qg6 25. Rd6 Qf7 26. Nxf5 Qxf5 27. Qd7 Qxe5
28. g3 Rf5 29. Rd4 Rg5 30. Rdxe4 Rxg3+ 31. Kf1 Rxh3 32. Qxh3 Qb5+ 33. c4 1-0

[Event "Xtracon Chess Open 2017"]
[Site "Helsingor DEN"]
[Date "2017.07.24"]
[Round "4.70"]
[White "Thuesen, Mogens"]
[Black "Larsen, Ulrik"]
[Result "1/2-1/2"]
[WhiteElo "2170"]
[BlackElo "1971"]
[WhiteFideId "1400878"]
[BlackFideId "1441167"]
[EventDate "2017.07.22"]

1. f4 e5 2. fxe5 d6 3. exd6 Bxd6 4. Nf3 Nf6 5. d4 Nc6 6. Nc3 Bf5 7. e3 Qd7 8.
Bd3 Bg4 9. O-O h5 10. Nb5 h4 11. Nxd6+ Qxd6 12. c3 h3 13. g3 Qd5 14. e4 Qh5 15.
Qe2 O-O-O 16. Qf2 Rhe8 17. Bg5 Rd7 18. Bxf6 gxf6 19. Bc2 Red8 20. Rae1 Qb5 21.
Bb3 a5 22. Qc2 Qb6 23. Ba4 Bxf3 24. Rxf3 Rxd4 25. cxd4 Nxd4 26. Rb3 Nxb3+ 27.
Qf2 Nc5 28. Bc2 Qb4 29. a3 Qd2 30. Re2 Qc1+ 31. Re1 Qd2 32. Re2 Qc1+ 33. Re1 Qd2 1/2-1/2

[Event "Xtracon Chess Open 2017"]
[Site "Helsingor DEN"]
[Date "2017.07.24"]
[Round "4.71"]
[White "Carnstam, Tomas"]
[Black "Issakainen, Ari"]
[Result "0-1"]
[WhiteElo "1977"]
[BlackElo "2168"]
[WhiteFideId "1707221"]
[BlackFideId "500330"]
[EventDate "2017.07.22"]

1. c4 e5 2. Nc3 Nf6 3. a3 d5 4. cxd5 Nxd5 5. e4 Nb6 6. Bb5+ Bd7 7. Be2 Nc6 8.
Nf3 Bd6 9. O-O O-O 10. d4 exd4 11. Nxd4 Re8 12. f4 Bc5 13. Be3 Be6 14. Nc2 Qe7
15. b4 Bxe3+ 16. Nxe3 Rad8 17. Qe1 f6 18. Bb5 Rf8 19. Bxc6 bxc6 20. Rc1 Nc4 21.
Nb1 Rd4 22. Nc2 Rd3 23. Qe2 Rfd8 24. Rfd1 Nb2 25. Rxd3 Nxd3 26. Rf1 c5 27. Ne1
c4 28. Nxd3 Rxd3 29. Rd1 Rd6 30. Nc3 Bf7 31. Rxd6 Qxd6 32. Qd1 Qb6+ 33. Kh1 h6
34. Qd2 c6 35. Na4 Qc7 36. Nc5 c3 37. Qxc3 Qxf4 38. Kg1 Kh7 39. g3 Qd6 40. Kf2
Bg6 41. Ke3 Qd1 42. Qd2 Qg1+ 43. Kd3 Qf1+ 44. Ke3 Qg1+ 45. Kd3 f5 46. exf5 Bxf5+
47. Kc3 Bg6 48. Kb3 a5 49. Qb2 Qd1+ 50. Kc3 Qf3+ 51. Kd2 Qf2+ 52. Kc3 Qe3+ 0-1

[Event "Xtracon Chess Open 2017"]
[Site "Helsingor DEN"]
[Date "2017.07.24"]
[Round "4.72"]
[White "Kardoeus, David"]
[Black "Greeuw, Sietske"]
[Result "1-0"]
[WhiteElo "2165"]
[BlackElo "1964"]
[WhiteFideId "12912050"]
[BlackFideId "1020285"]
[EventDate "2017.07.22"]

1. e4 c5 2. Nf3 Nc6 3. d4 cxd4 4. Nxd4 Nf6 5. Nc3 d6 6. Bg5 e6 7. f4 Be7 8. Qd3
a6 9. O-O-O Bd7 10. Bxf6 gxf6 11. Be2 Rc8 12. f5 Nb4 13. Qh3 e5 14. Ne6 Qa5 15.
Bh5 Bxe6 16. fxe6 Nxa2+ 17. Nxa2 Qxa2 18. Bxf7+ Kd8 19. Rxd6+ Kc7 20. Rd7+ Kb8
21. c3 Ba3 22. bxa3 Qa1+ 23. Kc2 Qa2+ 24. Kd1 Qb1+ 25. Ke2 Qc2+ 26. Rd2 Qxe4+
27. Kf2 Qf4+ 28. Ke2 Qe4+ 29. Kf2 Qf4+ 30. Ke1 Rhd8 31. Re2 Qc1+ 32. Kf2 Qxa3
33. c4 Rd3 34. Qh4 Qc5+ 35. Kf1 Rd1+ 36. Re1 Rxe1+ 37. Kxe1 Qe3+ 38. Kf1 Rd8 39.
Bh5 Rd4 40. Qf2 Qc1+ 41. Qe1 Rf4+ 42. Bf3 Qxc4+ 43. Kf2 Qxe6 44. Qb1 e4 45. Re1
f5 46. Kg1 Qd6 47. Be2 Rh4 48. g3 Rh6 49. Qc1 Rg6 50. Rd1 Qb6+ 51. Kg2 Qf6 52.
Qf4+ Ka7 53. Rd7 Qb2 54. Qe3+ Qb6 55. Kf2 h6 56. Rf7 Qxe3+ 57. Kxe3 Rg5 58. Bc4
a5 59. Kf4 a4 60. Bd5 Rg4+ 61. Kxf5 Rg5+ 62. Kxe4 1-0

[Event "Xtracon Chess Open 2017"]
[Site "Helsingor DEN"]
[Date "2017.07.24"]
[Round "4.73"]
[White "Justinussen, Sigurd B."]
[Black "Guindy, Esmat Susanne"]
[Result "1/2-1/2"]
[BlackTitle "WFM"]
[WhiteElo "1963"]
[BlackElo "2158"]
[WhiteFideId "7200773"]
[BlackFideId "1401637"]
[EventDate "2017.07.22"]

1. e4 e6 2. d4 d5 3. Bd3 Nf6 4. Nd2 c5 5. exd5 Qxd5 6. Ngf3 cxd4 7. O-O Nc6 8.
Bc4 Qh5 9. Nb3 Bd7 10. Nbxd4 Nxd4 11. Qxd4 Bc5 12. Qe5 Rc8 13. Bg5 Qg4 14. Bd3
Be7 15. c4 Rc5 16. Qb8+ Bd8 17. h3 Qh5 18. Be3 Rc8 19. Qxb7 O-O 20. Qxa7 Bc6 21.
Be2 Qg6 22. Qd4 Bc7 23. Nh4 Qc2 24. Bd1 Qe4 25. Qxe4 Bxe4 26. Be2 Be5 27. f3 Bc6
28. Rab1 Bg3 29. Bf2 Nh5 30. f4 Nxf4 31. Bxg3 Nxe2+ 32. Kh2 Be4 33. Rbe1 Nxg3
34. Kxg3 Rxc4 35. Rc1 Rfc8 36. Rxc4 Rxc4 37. Nf3 Bd5 38. a3 f5 39. Rd1 h6 40.
Rd4 Rc2 41. Rd2 Rc4 42. Rd4 Rc2 43. Rd2 Rc1 44. Nd4 g6 45. Rc2 Rd1 46. Nf3 Kf7
47. Ne5+ Kf6 48. Nd7+ Ke7 49. Nb6 Be4 50. Rc7+ Kd8 51. Rc8+ Ke7 52. Rc7+ Ke8 53.
Rc8+ Ke7 54. Rc7+ 1/2-1/2

[Event "Xtracon Chess Open 2017"]
[Site "Helsingor DEN"]
[Date "2017.07.24"]
[Round "4.74"]
[White "Preuss, Flemming"]
[Black "Svensson, Anders 1980"]
[Result "1-0"]
[WhiteElo "1986"]
[BlackElo "1723"]
[WhiteFideId "1403338"]
[BlackFideId "1727818"]
[EventDate "2017.07.22"]

1. f4 c5 2. Nf3 g6 3. g3 Bg7 4. d3 Nf6 5. Bg2 O-O 6. e4 d6 7. O-O Nc6 8. c3 Rb8
9. a4 a6 10. h3 b5 11. axb5 axb5 12. g4 b4 13. Qc2 Bd7 14. Be3 Qb6 15. Rf2 Ra8
16. Rxa8 Rxa8 17. Nbd2 Ra2 18. Nc4 Qa6 19. e5 Nd5 20. exd6 Nxe3 21. Nxe3 exd6
22. Nd5 bxc3 23. Nxc3 Nb4 24. Qd2 Ra1+ 25. Rf1 Nxd3 26. Kh2 Nxb2 27. Rxa1 Qxa1
28. Qxd6 Bxc3 29. Qxd7 Qa8 30. Ng5 Qf8 31. Bd5 h6 32. Bxf7+ Kh8 33. Ne6 Qb8 34.
Bxg6 Qg8 35. Bf5 Bd4 36. Nf8 Qg7 37. Ng6+ Kh7 38. Ne7+ Kh8 39. Qe8+ Qf8 40.
Qxf8# 1-0

[Event "Xtracon Chess Open 2017"]
[Site "Helsingor DEN"]
[Date "2017.07.24"]
[Round "4.75"]
[White "Hjornevik, Knut J"]
[Black "Eriksson, Christian Altenburg"]
[Result "1/2-1/2"]
[WhiteElo "1952"]
[BlackElo "2156"]
[WhiteFideId "1505157"]
[BlackFideId "1412159"]
[EventDate "2017.07.22"]

1. d4 Nf6 2. Bg5 d5 3. Bxf6 exf6 4. e3 Bd6 5. Bd3 c6 6. h3 Qb6 7. Qc1 Be6 8. Nf3
Nd7 9. Nbd2 O-O 10. O-O Qd8 11. c4 f5 12. c5 Bc7 13. Qc2 Qf6 14. b4 a6 15. Rfe1
g5 16. Kf1 g4 17. hxg4 fxg4 18. Ng1 Bg3 19. Re2 h5 20. Ke1 Bh2 21. Kf1 h4 22. f4
gxf3 23. gxf3 Bg3 24. Rg2 Kh8 25. Ke2 Rg8 26. Nb3 h3 27. Nxh3 Bc7 28. Rxg8+ Rxg8
29. Nf2 Rg2 30. Rh1+ Kg8 31. f4 Nf8 32. Kf1 Qg7 33. f5 Bd7 34. f6 Qg3 35. Bh7+
Nxh7 36. Qxh7+ Kf8 37. Qh6+ Ke8 38. Qh8+ Qg8 39. Qxg8+ Rxg8 40. Rh6 Bc8 41. Ke2
Kd7 42. e4 dxe4 43. Ke3 Rg3+ 44. Kxe4 Rg2 45. Kf3 1/2-1/2

[Event "Xtracon Chess Open 2017"]
[Site "Helsingor DEN"]
[Date "2017.07.24"]
[Round "4.76"]
[White "Sorensen, Torben Kyhl"]
[Black "Arndt, Uwe"]
[Result "1-0"]
[WhiteElo "2155"]
[BlackElo "1948"]
[WhiteFideId "1412248"]
[BlackFideId "24647713"]
[EventDate "2017.07.22"]

1. e4 c6 2. d4 d5 3. Nc3 dxe4 4. Nxe4 Nd7 5. Nf3 Ngf6 6. Ng3 e6 7. c3 Bd6 8. Bd3
O-O 9. O-O Qc7 10. Re1 Re8 11. Bc2 b6 12. Qd3 Bb7 13. Nh5 g6 14. Nxf6+ Nxf6 15.
Ne5 c5 16. Bg5 Nd5 17. Ba4 Rec8 18. c4 Nb4 19. Qh3 Nc6 20. Ng4 h5 21. Nf6+ Kg7
22. d5 Ne5 23. Qc3 exd5 24. cxd5 c4 25. Nd7 Bxd5 26. Bf6+ Kg8 27. Rxe5 Bxe5 28.
Bxe5 Qb7 29. Bh8 1-0

[Event "Xtracon Chess Open 2017"]
[Site "Helsingor DEN"]
[Date "2017.07.24"]
[Round "4.77"]
[White "Nettelbeck, Jann"]
[Black "Jacobsen, Per"]
[Result "1-0"]
[WhiteElo "1790"]
[BlackElo "1575"]
[WhiteFideId "12975672"]
[BlackFideId "1413856"]
[EventDate "2017.07.22"]

1. d4 f5 2. e4 fxe4 3. Nc3 Nf6 4. Bg5 d5 5. Bxf6 exf6 6. Qh5+ g6 7. Qxd5 Qe7 8.
Qxe4 Qxe4+ 9. Nxe4 Bg7 10. O-O-O O-O 11. Bc4+ Kh8 12. Nf3 Nc6 13. h3 Rb8 14. Bb5
Bf5 15. Bxc6 bxc6 16. Nc5 Rfd8 17. g4 Bc8 18. Rhe1 h5 19. Ne6 Bh6+ 20. g5 Bxe6
21. Rxe6 fxg5 22. Rxg6 Kh7 23. Ne5 c5 24. Rxh6+ 1-0

[Event "Xtracon Chess Open 2017"]
[Site "Helsingor DEN"]
[Date "2017.07.24"]
[Round "4.78"]
[White "Thybo, Jan"]
[Black "Sorensen, Bernhard W."]
[Result "0-1"]
[WhiteElo "1330"]
[BlackElo "1686"]
[WhiteFideId "1438824"]
[BlackFideId "1442074"]
[EventDate "2017.07.22"]

1. e4 e6 2. d4 d5 3. e5 c5 4. Nf3 Qb6 5. c3 Nc6 6. a4 Bd7 7. a5 Nxa5 8. dxc5
Bxc5 9. Nd4 Bxd4 10. Qxd4 Qxd4 11. cxd4 Nb3 12. Ra3 Nxc1 13. Kd1 Nb3 14. Nc3
Nxd4 15. Bd3 Ne7 16. Kd2 O-O 17. Rha1 a6 18. Na4 Bxa4 19. Rxa4 0-1

[Event "Xtracon Chess Open 2017"]
[Site "Helsingor DEN"]
[Date "2017.07.24"]
[Round "4.79"]
[White "Nilssen, Ellen Fredericia"]
[Black "Brorsen, Jacob Abildlund"]
[Result "0-1"]
[WhiteElo "1948"]
[BlackElo "2153"]
[WhiteFideId "1441230"]
[BlackFideId "1411233"]
[EventDate "2017.07.22"]

1. d4 d5 2. c4 c6 3. Nc3 Nf6 4. Nf3 dxc4 5. a4 Bf5 6. e3 e6 7. Bxc4 Bb4 8. O-O
Nbd7 9. h3 h6 10. Qb3 a5 11. Na2 Bd6 12. Bd3 Bxd3 13. Qxd3 O-O 14. Bd2 Qe7 15.
Nc3 e5 16. dxe5 Nxe5 17. Nxe5 Bxe5 18. Qc2 Bc7 19. e4 Rfe8 20. Rae1 Rad8 21. f4
Qc5+ 22. Be3 Qc4 23. e5 Nd5 24. Qe4 Qxe4 25. Nxe4 Nxe3 26. Rxe3 Bb6 27. Re1 Rd3
28. Kf2 Red8 29. Nd6 Rb3 30. Nc4 Bxe3+ 31. Rxe3 Rxe3 32. Kxe3 Rd5 33. Ke4 Kf8
34. g4 b5 35. axb5 Rxb5 36. f5 a4 0-1

[Event "Xtracon Chess Open 2017"]
[Site "Helsingor DEN"]
[Date "2017.07.24"]
[Round "4.80"]
[White "Hviid, Hans Henrik"]
[Black "Joensen, Jon Magnus"]
[Result "0-1"]
[WhiteElo "1263"]
[BlackElo "1600"]
[WhiteFideId "1425374"]
[BlackFideId "7201915"]
[EventDate "2017.07.22"]

1. d4 d5 2. Nf3 Nf6 3. Nc3 Bf5 4. Bg5 e6 5. Ne5 Be7 6. f3 O-O 7. e4 dxe4 8. fxe4
Nxe4 9. Bxe7 Qxe7 10. Bd3 Qh4+ 11. Kf1 Qf2# 0-1

[Event "Xtracon Chess Open 2017"]
[Site "Helsingor DEN"]
[Date "2017.07.24"]
[Round "4.81"]
[White "Deur Saric, Zrinka"]
[Black "Tandrup, Michael"]
[Result "1-0"]
[WhiteTitle "WFM"]
[WhiteElo "2152"]
[BlackElo "1946"]
[WhiteFideId "14512670"]
[BlackFideId "1408356"]
[EventDate "2017.07.22"]

1. e4 d5 2. exd5 Qxd5 3. Nc3 Qa5 4. Nf3 Nf6 5. d4 Bg4 6. h3 Bxf3 7. Qxf3 c6 8.
Bc4 e6 9. Bd2 Bb4 10. a3 Nd5 11. O-O Bxc3 12. bxc3 O-O 13. Bd3 Nd7 14. Rfd1 Qd8
15. Rab1 b5 16. c4 bxc4 17. Bxc4 Qf6 18. Qxf6 gxf6 19. Bh6 Nc3 20. Rd3 Ne4 21.
Bxf8 Kxf8 22. Ba6 Nd6 23. Rc3 c5 24. Rxc5 Nxc5 25. dxc5 Ne4 26. Bb7 Rb8 27. c6
Nd6 28. c7 Re8 29. Ba6 1-0

[Event "Xtracon Chess Open 2017"]
[Site "Helsingor DEN"]
[Date "2017.07.24"]
[Round "4.82"]
[White "Klings, Peter"]
[Black "Voll, Oddvar U"]
[Result "1/2-1/2"]
[WhiteElo "2146"]
[BlackElo "1942"]
[WhiteFideId "4631234"]
[BlackFideId "1533827"]
[EventDate "2017.07.22"]

1. Nf3 Nf6 2. c4 c6 3. Nc3 d5 4. e3 g6 5. d4 Bg7 6. Be2 O-O 7. O-O Nbd7 8. Qc2
e6 9. Rd1 Qe7 10. b3 e5 11. cxd5 exd4 12. exd4 Nxd5 13. Nxd5 cxd5 14. a4 Re8 15.
Bd3 Nf6 16. Ba3 Qd8 17. Ne5 Ng4 18. Nf3 Nh6 19. Re1 Bf5 20. Rxe8+ Qxe8 21. Re1
Qc8 22. Qd2 Qc6 23. Bb5 Qf6 24. Be7 Qb6 25. Bc5 Qf6 26. Be7 Qb6 27. Bc5 1/2-1/2

[Event "Xtracon Chess Open 2017"]
[Site "Helsingor DEN"]
[Date "2017.07.24"]
[Round "4.83"]
[White "Wahlund, Max"]
[Black "Bering, Anders"]
[Result "1-0"]
[WhiteElo "2142"]
[BlackElo "1940"]
[WhiteFideId "1741861"]
[BlackFideId "1405810"]
[EventDate "2017.07.22"]

1. d4 Nf6 2. c4 e6 3. Nf3 d5 4. cxd5 exd5 5. Nc3 Nbd7 6. Bg5 Be7 7. e3 c6 8. Bd3
Ne4 9. Bxe7 Qxe7 10. O-O f5 11. Qc2 Ndf6 12. a3 O-O 13. b4 Nxc3 14. Qxc3 Ne4 15.
Qb2 a6 16. a4 Bd7 17. b5 axb5 18. axb5 Nd6 19. bxc6 bxc6 20. Ne5 g6 21. Rfc1
Rab8 22. Qd2 Rfc8 23. Ra7 Rb7 24. Qa5 Qe8 25. Rxb7 Nxb7 26. Qb6 Nd8 27. Qa7 1-0

[Event "Xtracon Chess Open 2017"]
[Site "Helsingor DEN"]
[Date "2017.07.24"]
[Round "4.84"]
[White "Chittka, Julius"]
[Black "Strachan, Christian C."]
[Result "1-0"]
[WhiteElo "2137"]
[BlackElo "1938"]
[WhiteFideId "12954772"]
[BlackFideId "1417215"]
[EventDate "2017.07.22"]

1. d4 d5 2. c4 c6 3. Nf3 Nf6 4. Qc2 Nbd7 5. Nbd2 e6 6. e4 dxe4 7. Nxe4 Nxe4 8.
Qxe4 Bb4+ 9. Bd2 Bxd2+ 10. Nxd2 Qa5 11. Bd3 Nf6 12. Qh4 Bd7 13. a3 h6 14. O-O-O
O-O-O 15. c5 Qc7 16. Nc4 Be8 17. Nd6+ Kb8 18. Rhe1 g5 19. Qg3 Nd7 20. Bc4 Rf8
21. Qh3 Rh8 22. Re3 Nf6 23. Qg3 Nd5 24. Rb3 b6 25. Qe5 f6 26. Qxe6 Bd7 27. Qe4
Rhf8 28. Kb1 f5 29. Qe5 Nf6 30. Nf7 Rde8 31. Qxf6 1-0

[Event "Xtracon Chess Open 2017"]
[Site "Helsingor DEN"]
[Date "2017.07.24"]
[Round "4.85"]
[White "Basson, Heinrich"]
[Black "Sorensen, Hampus"]
[Result "1/2-1/2"]
[WhiteElo "1937"]
[BlackElo "2137"]
[WhiteFideId "14301440"]
[BlackFideId "8703884"]
[EventDate "2017.07.22"]

1. Nf3 d5 2. g3 Nf6 3. Bg2 c6 4. d3 Bg4 5. O-O Nbd7 6. Qe1 e5 7. c4 Be7 8. b3
O-O 9. Bb2 Bxf3 10. Bxf3 Re8 11. Nd2 b5 12. a3 bxc4 13. bxc4 Rb8 14. Qc1 Bd6 15.
Rb1 Qe7 16. e3 Nc5 17. Qc2 Ne6 18. a4 h5 19. Ba1 Rb6 20. Rxb6 axb6 21. cxd5 cxd5
22. Qc6 Nc5 23. d4 Nd3 24. dxe5 Bxe5 25. Qb5 1/2-1/2

[Event "Xtracon Chess Open 2017"]
[Site "Helsingor DEN"]
[Date "2017.07.24"]
[Round "4.86"]
[White "Pankaj, Sindhu"]
[Black "Storme, Isak"]
[Result "1/2-1/2"]
[WhiteElo "1837"]
[BlackElo "2129"]
[WhiteFideId "46680357"]
[BlackFideId "1728113"]
[EventDate "2017.07.22"]

1. d4 Nf6 2. c4 c5 3. d5 e6 4. Nc3 exd5 5. cxd5 d6 6. e4 g6 7. Bg5 Bg7 8. Nf3 h6
9. Bf4 O-O 10. Nd2 Re8 11. Be2 Qe7 12. O-O Nbd7 13. Nb5 Nxe4 14. Nc7 Bxb2 15.
Nxe4 Qxe4 16. Nxe8 Qxf4 17. Rb1 Bd4 18. Nc7 Rb8 19. Nb5 Ne5 20. Nxd4 cxd4 21.
Rb4 Bg4 22. Rxd4 Bxe2 23. Rxf4 Bxd1 24. Rxd1 Rc8 25. Ra4 a6 26. f4 Ng4 27. Rb4
b5 28. Rb3 Rc2 29. h3 Nf6 30. Ra3 Rc5 31. Rxa6 Nxd5 32. Rxd6 Nxf4 33. Rd8+ Kg7
34. Rf1 g5 35. Rd2 h5 36. Rb1 Nd5 37. a3 Kf6 38. Rf1+ Kg6 39. Rdf2 Nf4 40. h4 f6
41. hxg5 fxg5 42. Rd1 h4 43. Rd6+ Kh5 44. Rb6 Kg4 45. Kh2 Rc3 46. Rxb5 Rxa3 47.
Rc2 Rg3 48. Rbc5 h3 49. Rxg5+ Kxg5 50. Kxg3 hxg2 51. Rxg2 Nxg2 52. Kxg2 1/2-1/2